000 00281nam a2200121Ia 4500
008 220216s9999 xx 000 0 und d
100 _aPalmer
_nSydney
245 0 _aRubber in the post-war period
260 _bPlanter
_c1953
300 _a232-234
650 _aRubber
942 _cJS
999 _c67704
_d67704